[Event "Tournoi francophone 021"]
[Site "Skype"]
[Date "????.??.??"]
[Round "2.30"]
[White "Trapletti, Cosetta"]
[Black "Malbec, Robert"]
[Result "0-1"]
[WhiteElo "1400"]
[BlackElo "1503"]
[PlyCount "136"]

1. d4 d5 2. Bf4 Nf6 3. e3 Bg4 4. Nf3 e6 5. Nbd2 Bb4 6. c3 Ba5 7. Bd3 Nbd7 8.
O-O O-O 9. b4 Bb6 10. a4 c6 11. a5 Bc7 12. h3 Bxf3 13. Nxf3 Re8 14. Re1 Nf8 15.
Ne5 Ng6 16. Bg3 a6 17. f4 Qc8 18. Nxg6 fxg6 19. Bh2 Qd8 20. g4 Ne4 21. Qc2 Qh4
22. Qg2 Qe7 23. g5 Nd6 24. h4 Nf5 25. h5 Qf7 26. Qh3 Rf8 27. Be2 Rad8 28. Kg2
Rd7 29. Bg1 Re8 30. Bf2 Kf8 31. Rh1 Ke7 32. hxg6 hxg6 33. Rac1 Rg8 34. c4 Rdd8
35. cxd5 exd5 36. Be1 Qe6 37. b5 axb5 38. Bb4+ Bd6 39. Bc3 Nxe3+ 40. Kf2 Qxh3
41. Rxh3 Nf5 42. Ra1 Bxf4 43. Kf3 Bxg5 44. Bb4+ Ke6 45. a6 bxa6 46. Rxa6 Rc8
47. Rh1 Nxd4+ 48. Kg4 Bf6 49. Kh3 Nxe2 50. Re1 Rh8+ 51. Kg2 Rh5 52. Rxe2+ Re5
53. Kf3 Rxe2 54. Kxe2 g5 55. Ra3 Kf5 56. Be1 g4 57. Rg3 Be5 58. Rg2 d4 59. Kd3
c5 60. Rf2+ Ke6 61. Rh2 Bxh2 62. Ke2 g3 63. Kf3 Rf8+ 64. Kg2 c4 65. Bd2 c3 66.
Bc1 Rf2+ 67. Kh1 Rf1+ 68. Kg2 Rxc1 0-1

[Event "Tournoi francophone 021"]
[Site "Skype"]
[Date "????.??.??"]
[Round "2.31"]
[White "Alcaraz Acosta, Luisa Montserrat"]
[Black "Yepez, German"]
[Result "0-1"]
[WhiteElo "1382"]
[BlackElo "1476"]
[PlyCount "30"]

1. e4 e5 2. Nf3 Nc6 3. Bc4 Bc5 4. O-O Nf6 5. Nc3 h6 6. d3 O-O 7. a4 Re8 8. Ne2
d5 9. Ba2 dxe4 10. dxe4 Qxd1 11. Rxd1 Nxe4 12. Kf1 Nxf2 13. Rd5 e4 14. Nd2 Be3
15. Nb1 Bxc1 0-1

[Event "Tournoi francophone 021"]
[Site "Skype"]
[Date "????.??.??"]
[Round "3.1"]
[White "Deville, Olivier"]
[Black "Cengiz, Ali Ekber"]
[Result "1-0"]
[WhiteElo "1863"]
[BlackElo "1544"]
[PlyCount "75"]

1. Nf3 c6 2. c4 d6 3. d4 e6 4. e4 Nf6 5. Nc3 Be7 6. Bd3 Nbd7 7. e5 dxe5 8. dxe5
Ng8 9. Qe2 h6 10. O-O a6 11. Rd1 b5 12. b3 Bb4 13. Ne4 Qc7 14. Bc2 f5 15. Nd6+
Kf8 16. Bb2 g6 17. Nd4 Nb6 18. a3 Bc5 19. b4 Bxd4 20. Rxd4 h5 21. Rad1 Ne7 22.
Bb3 bxc4 23. Nxc4 Ned5 24. Nxb6 Qxb6 25. Rc1 Bd7 26. Bxd5 cxd5 27. Rd2 h4 28.
Rdc2 Qb8 29. Qd2 Qd8 30. Rc7 Rb8 31. Bd4 Rh7 32. Bc5+ Ke8 33. Bd6 Rc8 34. Qd4
g5 35. Qb6 Rb8 36. Qxa6 Ra8 37. Qd3 Bb5 38. Qxb5+ 1-0

[Event "Tournoi francophone 021"]
[Site "Skype"]
[Date "????.??.??"]
[Round "3.2"]
[White "Trivedi, Viral"]
[Black "Bourdeau, Yvan"]
[Result "1/2-1/2"]
[WhiteElo "1551"]
[BlackElo "1740"]
[PlyCount "33"]

1. e4 g6 2. d4 Bg7 3. Nc3 d6 4. Be2 e5 5. dxe5 dxe5 6. Qxd8+ Kxd8 7. Nf3 f6 8.
O-O Be6 9. Be3 c6 10. Nd2 Bh6 11. Bxh6 Nxh6 12. h3 Nd7 13. Nc4 Nf7 14. Ne3 Nb6
15. b3 Ke7 16. a4 a5 17. Rad1 1/2-1/2

[Event "Tournoi francophone 021"]
[Site "Skype"]
[Date "????.??.??"]
[Round "3.3"]
[White "Blanchard, Colette"]
[Black "Castellanos Gonzalez, Mariano"]
[Result "0-1"]
[WhiteElo "1527"]
[BlackElo "1670"]
[PlyCount "42"]

1. d4 f5 2. Nf3 Nf6 3. c4 e6 4. Nc3 c6 5. e3 d5 6. a3 Bd6 7. Be2 O-O 8. O-O Ne4
9. cxd5 exd5 10. Qc2 g5 11. Nxe4 fxe4 12. Ne5 Nd7 13. Nxd7 Bxd7 14. h3 Qe8 15.
Qd1 Qe7 16. Bg4 Bxg4 17. Qxg4 Rae8 18. Bd2 Qg7 19. f3 Qg6 20. Rae1 h5 21. Qg3
Bxg3 0-1

[Event "Tournoi francophone 021"]
[Site "Skype"]
[Date "????.??.??"]
[Round "3.4"]
[White "Nicolini, Francesco"]
[Black "Ruiz Aguilera, Juan Jesus"]
[Result "1-0"]
[WhiteElo "1666"]
[BlackElo "1500"]
[PlyCount "55"]

1. e4 c5 2. Nf3 e6 3. g3 Nc6 4. Bg2 Nf6 5. d3 d5 6. exd5 exd5 7. O-O Bg4 8.
Re1+ Be7 9. Bg5 O-O 10. Qd2 Qc7 11. Nc3 Qd7 12. Ne5 Nxe5 13. Rxe5 Bd6 14. Ree1
d4 15. Bxf6 gxf6 16. Ne4 Be7 17. Qh6 Qb5 18. Nxf6+ Bxf6 19. Qxf6 Rae8 20. Qg5+
Kh8 21. Qxg4 Qxb2 22. Be4 Rg8 23. Qf5 Rg7 24. Qxc5 b6 25. Reb1 Qc3 26. Qxc3
dxc3 27. a4 a5 28. Rxb6 1-0

[Event "Tournoi francophone 021"]
[Site "Skype"]
[Date "????.??.??"]
[Round "3.6"]
[White "Lecluyse, Koenraad"]
[Black "Pouteau, Pascal"]
[Result "0-1"]
[WhiteElo "1458"]
[BlackElo "1616"]
[PlyCount "56"]

1. d4 d5 2. Nf3 g6 3. Bf4 Bg7 4. e3 Bg4 5. Nbd2 Nd7 6. Bd3 e5 7. dxe5 Nxe5 8.
O-O Nxd3 9. cxd3 Ne7 10. h3 Bf5 11. Qb3 b6 12. Ne5 O-O 13. Rac1 c5 14. d4 c4
15. Qb4 f6 16. Nef3 Nc6 17. Qb5 Bd7 18. Qxd5+ Kh8 19. Nxc4 Ne7 20. Qe4 Bc6 21.
Qe6 Bd5 22. Qg4 h5 23. Qh4 Nf5 24. Bd6 Nxh4 25. Nxh4 Re8 26. Nxg6+ Kh7 27. Nh4
Bxc4 28. Rxc4 Qxd6 0-1

[Event "Tournoi francophone 021"]
[Site "Skype"]
[Date "????.??.??"]
[Round "3.7"]
[White "Khabou, Taha"]
[Black "Briquet, Gerard"]
[Result "0-1"]
[WhiteElo "1615"]
[BlackElo "1400"]
[PlyCount "70"]

1. d4 d5 2. Bf4 Nf6 3. e3 c5 4. c3 Nc6 5. Bd3 Qb6 6. Qc1 Nh5 7. Bg3 Nxg3 8.
hxg3 g6 9. Nd2 Bg7 10. Ngf3 e5 11. dxe5 Nxe5 12. Nxe5 Bxe5 13. Nf3 Bf6 14. a4
Bg4 15. Bc2 O-O 16. Rb1 Bxf3 17. gxf3 Qe6 18. Kf1 Bg7 19. Qd2 Rad8 20. Kg2 Rfe8
21. Rbd1 Rd6 22. a5 b6 23. axb6 axb6 24. Ra1 d4 25. exd4 cxd4 26. cxd4 Rxd4 27.
Qc3 Rc8 28. Qb3 Qxb3 29. Bxb3 Rb4 30. Ba4 Rxb2 31. Rhb1 Rxb1 32. Rxb1 Bd4 33.
Rd1 Bc5 34. Rd7 Re8 35. Rc7 Re2 0-1

[Event "Tournoi francophone 021"]
[Site "Skype"]
[Date "????.??.??"]
[Round "3.8"]
[White "Rodier, Marc"]
[Black "Vello, Pablo"]
[Result "1/2-1/2"]
[WhiteElo "1686"]
[BlackElo "1514"]
[PlyCount "42"]

1. e4 c5 2. Nf3 Nc6 3. d4 cxd4 4. Nxd4 Nf6 5. Nc3 Nxd4 6. Qxd4 d6 7. Be2 Bd7 8.
O-O e6 9. Qd3 Bc6 10. Bf3 Be7 11. Bf4 O-O 12. Rfd1 e5 13. Be3 Qc7 14. Nb5 Bxb5
15. Qxb5 Rfc8 16. Rac1 Qc6 17. Qxc6 Rxc6 18. c4 Rac8 19. Rc2 b5 20. Rdc1 bxc4
21. b3 c3 1/2-1/2

[Event "Tournoi francophone 021"]
[Site "Skype"]
[Date "????.??.??"]
[Round "3.9"]
[White "Vincent, Andre"]
[Black "Jacquelin, Norbert"]
[Result "1/2-1/2"]
[WhiteElo "1533"]
[BlackElo "1827"]
[PlyCount "75"]

1. Nf3 Nf6 2. d4 g6 3. g3 Bg7 4. Bg2 d6 5. e3 Nd5 6. c3 Nb6 7. Nbd2 Bg4 8. O-O
O-O 9. Re1 Nc6 10. a3 a5 11. h3 Bd7 12. b3 Qc8 13. Kh2 f5 14. Bb2 h6 15. Rc1 d5
16. Qc2 Be6 17. c4 g5 18. Ng1 Qd7 19. c5 Nc8 20. f4 Nd8 21. Ndf3 Nf7 22. Ne5
Nxe5 23. fxe5 h5 24. c6 bxc6 25. Qxc6 Ra7 26. Qxd7 Bxd7 27. Bxd5+ Kh7 28. Rc2
e6 29. Bg2 Ne7 30. Rec1 Rc8 31. Nf3 Kg6 32. a4 Nd5 33. Re1 g4 34. Nh4+ Kg5 35.
Bxd5 exd5 36. Rec1 gxh3 37. Bc3 Ra6 38. Bd2 1/2-1/2

[Event "Tournoi francophone 021"]
[Site "Skype"]
[Date "????.??.??"]
[Round "3.10"]
[White "Lambert, Pierre"]
[Black "Radice, Marco"]
[Result "0-1"]
[WhiteElo "1791"]
[BlackElo "1534"]
[PlyCount "104"]

1. e4 c5 2. Nf3 d6 3. d4 cxd4 4. Nxd4 Nf6 5. Nc3 Nc6 6. f3 a6 7. Be3 e5 8. Nb3
Be6 9. Nd5 Nd7 10. Qd2 Bxd5 11. exd5 Na7 12. a4 Nf6 13. Qf2 Nc8 14. c4 Be7 15.
Be2 O-O 16. O-O b6 17. Nd2 Ra7 18. Ne4 Nxe4 19. fxe4 Bh4 20. g3 Bg5 21. Ra3
Bxe3 22. Rxe3 Ne7 23. Rb3 f5 24. Qxb6 Qxb6+ 25. Rxb6 fxe4 26. Rxf8+ Kxf8 27. b4
Nf5 28. c5 Nd4 29. Bxa6 dxc5 30. bxc5 Ke7 31. Rb7+ Rxb7 32. Bxb7 e3 33. Kf1 Nb3
34. c6 Kd6 35. Ke2 Nc5 36. Kxe3 Nxa4 37. g4 g5 38. h3 Nb6 39. c7 Kxc7 40. Bc6
Kd6 41. Ke4 Nc8 42. Ba4 Ne7 43. Bb3 h6 44. Ba2 Ng6 45. Bc4 Nf4 46. Kf5 Nxh3 47.
Kg6 e4 48. Kxh6 e3 49. Kg6 Ke5 50. Bf1 Kxd5 51. Kf5 Kd4 52. Kg6 Ke4 0-1

[Event "Tournoi francophone 021"]
[Site "Skype"]
[Date "????.??.??"]
[Round "3.12"]
[White "Le Brun, Yves"]
[Black "Guillaume, Mickael"]
[Result "0-1"]
[WhiteElo "1601"]
[BlackElo "1511"]
[PlyCount "68"]

1. Nf3 Nf6 2. c4 c6 3. Nc3 d5 4. e3 e6 5. b3 Bc5 6. d4 Bb4 7. Bb2 Ne4 8. Rc1
Qa5 9. Qc2 Qxa2 10. Ba1 Qxa1 11. Rxa1 Bxc3+ 12. Qxc3 Nxc3 13. Nd2 Nd7 14. Bd3
Nf6 15. f3 O-O 16. Kf2 b5 17. cxb5 cxb5 18. b4 a6 19. Nb3 Na4 20. Rac1 Nb2 21.
Be2 Nc4 22. Nc5 Nd7 23. Rhd1 a5 24. Nd3 axb4 25. Nxb4 Bb7 26. Rb1 Rfb8 27. Nc2
Bc6 28. Nb4 Bb7 29. Bd3 f6 30. e4 Ra4 31. exd5 Bxd5 32. Nxd5 exd5 33. Bc2 Ra2
34. Rdc1 Na3 0-1

[Event "Tournoi francophone 021"]
[Site "Skype"]
[Date "????.??.??"]
[Round "3.13"]
[White "Busto, Ricardo"]
[Black "De Coninck, Philippe"]
[Result "0-1"]
[WhiteElo "1585"]
[BlackElo "1510"]
[PlyCount "130"]

1. Nf3 Nc6 2. g3 Nf6 3. d4 d5 4. Bg2 Bf5 5. O-O e6 6. Nbd2 Nb4 7. c3 Nc2 8. Rb1
Nxd4 9. Qa4+ b5 10. Qxd4 Bxb1 11. Nxb1 c5 12. Qd1 Bd6 13. Bg5 h6 14. Be3 Rc8
15. Na3 a6 16. Bd2 O-O 17. Nc2 Qc7 18. e3 Ne4 19. Be1 a5 20. a3 Rfd8 21. Qe2 c4
22. Nfd4 Qc5 23. Bh3 Re8 24. f4 Nf6 25. f5 e5 26. Nf3 e4 27. Nfd4 Be5 28. Qg2
Bxd4 29. Nxd4 Rb8 30. Bd2 Rb6 31. Rc1 Nd7 32. Qf2 Ne5 33. Qg2 Rf6 34. Rf1 Nd3
35. b4 axb4 36. axb4 Qb6 37. Qe2 Ne5 38. Be1 Nc6 39. Bf2 Nxd4 40. exd4 Qa6 41.
Qb2 e3 42. Be1 Qb7 43. Bg4 Qe7 44. Be2 Qe4 45. Rf4 Qe7 46. Qc2 g5 47. fxg6 Rxf4
48. gxf4 fxg6 49. Qxg6+ Qg7 50. Qxg7+ Kxg7 51. Bh4 Ra8 52. Kg2 Ra3 53. Be1 Kf6
54. Kf3 Ra1 55. Bh4+ Kf5 56. Kg3 Rc1 57. Bg4+ Ke4 58. Bf3+ Kd3 59. Kh3 e2 60.
Bxd5 Rxc3 61. Be1 Rc1 62. Bh4 e1=Q 63. Bxe1 Rxe1 64. Bc6 Kxd4 65. Bxb5 c3 0-1

[Event "Tournoi francophone 021"]
[Site "Skype"]
[Date "????.??.??"]
[Round "3.14"]
[White "Malbec, Robert"]
[Black "Scata, Laura"]
[Result "0-1"]
[WhiteElo "1503"]
[BlackElo "1583"]
[PlyCount "114"]

1. e4 c6 2. d4 d5 3. e5 Bf5 4. Nf3 e6 5. h3 c5 6. c3 Nd7 7. Bd3 Bxd3 8. Qxd3
Ne7 9. Qb5 Qc7 10. b3 a6 11. Qe2 Nc6 12. Bf4 Be7 13. Ng5 h6 14. Nf3 b5 15. O-O
O-O 16. Rd1 Qb6 17. Be3 Rfc8 18. a3 cxd4 19. cxd4 Na5 20. Nbd2 Rc2 21. b4 Nb3
22. Nxb3 Rxe2 23. Rdc1 Qb7 24. Kf1 Rb2 25. Nc5 Bxc5 26. dxc5 Qc6 27. Bd4 Rb3
28. Ke2 a5 29. Nd2 a4 30. Nxb3 axb3 31. Rcb1 Qc7 32. Rxb3 Nxe5 33. Rg3 g6 34.
Be3 h5 35. Bf4 f6 36. Rxg6+ Kf7 37. Rh6 Rg8 38. g3 Qc8 39. a4 Qa6 40. a5 Nc4
41. Rxh5 e5 42. Bc1 Ke6 43. Rh6 e4 44. g4 d4 45. Kf1 d3 46. Bf4 Qc6 47. a6 e3
48. fxe3 Qh1+ 49. Kf2 Qxa1 50. g5 Kf5 51. Rxf6+ Ke4 52. Re6+ Kd5 53. e4+ Kxe6
54. c6 Qxa6 55. c7 Qc6 56. Kf3 d2 57. Bxd2 Nxd2+ 0-1

[Event "Tournoi francophone 021"]
[Site "Skype"]
[Date "????.??.??"]
[Round "3.15"]
[White "Briere, Jean"]
[Black "Abate, Luigi"]
[Result "1-0"]
[WhiteElo "1581"]
[BlackElo "1506"]
[PlyCount "57"]

1. e4 e5 2. Nf3 Nc6 3. Bc4 h6 4. d3 Bc5 5. O-O Nge7 6. Nc3 d6 7. h3 O-O 8. Be3
Nd4 9. Bxd4 exd4 10. Ne2 d5 11. exd5 Nxd5 12. Nexd4 Nb6 13. Nb3 Be7 14. Nbd2
Nxc4 15. Nxc4 Bf6 16. Nce5 c5 17. c3 b6 18. Re1 Bb7 19. Re3 Re8 20. Qe2 Bxf3
21. gxf3 Bg5 22. Re4 Re7 23. Nc6 Rxe4 24. Qxe4 Qd6 25. Ne7+ Kf8 26. Qxa8+ Kxe7
27. Re1+ Kf6 28. Qe4 Bh4 29. Qxh4+ 1-0

[Event "Tournoi francophone 021"]
[Site "Skype"]
[Date "????.??.??"]
[Round "3.16"]
[White "Yepez, German"]
[Black "Hargez, Dany"]
[Result "1-0"]
[WhiteElo "1476"]
[BlackElo "1578"]
[PlyCount "59"]

1. e4 e5 2. Nf3 d5 3. exd5 Bd6 4. Nc3 Bg4 5. Ne4 Nf6 6. Nxd6+ Qxd6 7. Be2 e4 8.
Nd4 Bxe2 9. Qxe2 Qxd5 10. c3 O-O 11. O-O Re8 12. f3 Nbd7 13. fxe4 Rxe4 14. Qf3
Qe5 15. d3 Re1 16. Bf4 Rxf1+ 17. Rxf1 Qe8 18. Bxc7 Ne5 19. Qg3 Nfg4 20. Re1 f6
21. h3 Nh6 22. Bxe5 fxe5 23. Rxe5 Qh5 24. Rxh5 Nf7 25. Ne6 g6 26. Rc5 Re8 27.
Ng5 Ne5 28. Rxe5 Rxe5 29. Qxe5 Kf8 30. Qf6+ 1-0

[Event "Tournoi francophone 021"]
[Site "Skype"]
[Date "????.??.??"]
[Round "3.17"]
[White "Duthoit, Bernard"]
[Black "L'Herbon De Lussats, Jean"]
[Result "1-0"]
[WhiteElo "1566"]
[BlackElo "1493"]
[PlyCount "93"]

1. e4 c5 2. Nf3 d6 3. d4 cxd4 4. Nxd4 Nc6 5. c3 Nf6 6. Bb5 Bd7 7. Nxc6 Bxc6 8.
Bxc6+ bxc6 9. Nd2 g6 10. O-O Bg7 11. Re1 O-O 12. e5 Ng4 13. Qxg4 Bxe5 14. Nf3
Bg7 15. Bg5 f6 16. Bh4 Qb6 17. Qe6+ Rf7 18. Qb3 Qc7 19. Rad1 Rb8 20. Qc2 Bh6
21. Bg3 c5 22. Re4 Bf8 23. a3 Rg7 24. b4 cxb4 25. Rxb4 h5 26. Rxb8 Qxb8 27. Rb1
Qa8 28. Qb3+ Kh8 29. Qb7 Qxb7 30. Rxb7 a5 31. Ra7 e5 32. Rxg7 Kxg7 33. Nd2 d5
34. a4 g5 35. f3 d4 36. cxd4 exd4 37. Bc7 Bb4 38. Nc4 d3 39. Kf1 d2 40. Ke2 f5
41. Bxa5 Bc5 42. Bxd2 g4 43. fxg4 hxg4 44. g3 Kf6 45. Bf4 Ke6 46. a5 Ba7 47.
Be3 1-0

[Event "Tournoi francophone 021"]
[Site "Skype"]
[Date "????.??.??"]
[Round "3.18"]
[White "Colangelo, Michele"]
[Black "Codina, Teresa"]
[Result "1-0"]
[WhiteElo "1464"]
[BlackElo "1548"]
[PlyCount "63"]

1. e4 c5 2. Nf3 d6 3. d4 cxd4 4. Nxd4 Nf6 5. Nc3 a6 6. Bc4 g6 7. Nf3 Bg7 8. Bd2
O-O 9. O-O Nbd7 10. h3 Rb8 11. a3 b6 12. Re1 Bb7 13. e5 dxe5 14. Nxe5 Rc8 15.
Nxd7 Nxd7 16. Bb3 a5 17. Bg5 h6 18. Bxe7 Qc7 19. Bxf8 Bxf8 20. Nd5 Bxd5 21.
Qxd5 Nf6 22. Qf3 Bg7 23. Rad1 Kh7 24. Qc3 Qb8 25. Qg3 Qb7 26. Re3 Ne4 27. Qf4
f5 28. Bd5 Qc7 29. Qxc7 Rxc7 30. Bxe4 fxe4 31. c3 Rc4 32. Rde1 1-0

[Event "Tournoi francophone 021"]
[Site "Skype"]
[Date "????.??.??"]
[Round "3.19"]
[White "Schnell, Nicolas"]
[Black "Gharbi, Said"]
[Result "0-1"]
[WhiteElo "1403"]
[BlackElo "1544"]
[PlyCount "70"]

1. e4 e5 2. Nf3 d6 3. Bc4 h6 4. h3 Nf6 5. Nc3 Be7 6. d4 exd4 7. Qxd4 Nc6 8. Qd2
O-O 9. Bd3 Nd7 10. Be2 Nde5 11. Qf4 Bf6 12. Nh4 Bxh4 13. Rg1 Bg5 14. Qg3 Bxc1
15. Rxc1 Nd4 16. Bd1 Re8 17. h4 Ng6 18. h5 Nf5 19. Qg4 Nd4 20. hxg6 Bxg4 21.
Bxg4 fxg6 22. Rd1 Nxc2+ 23. Ke2 Qg5 24. Rd3 Qxg4+ 25. f3 Qg5 26. g4 c5 27. Rxd6
Qe3+ 28. Kd1 Qxg1+ 29. Kxc2 Qf2+ 30. Kb3 Qxf3 31. Rxg6 Red8 32. Re6 Qxg4 33.
Re7 b6 34. e5 Rd2 35. Nb5 Qb4# 0-1

[Event "Tournoi francophone 021"]
[Site "Skype"]
[Date "????.??.??"]
[Round "3.20"]
[White "Bucherie, Volcy"]
[Black "Roberge, Yves"]
[Result "1-0"]
[WhiteElo "1538"]
[BlackElo "1401"]
[PlyCount "59"]

1. Nf3 d5 2. g3 Bf5 3. Bg2 Nc6 4. a3 e5 5. d4 g6 6. c4 dxc4 7. dxe5 Bg7 8. Qa4
Nge7 9. O-O O-O 10. Nc3 Nd4 11. Qxc4 Nxf3+ 12. Bxf3 Bh3 13. Rd1 c6 14. Bg5 Qc8
15. Bxe7 b5 16. Qc5 Re8 17. Bxc6 Qc7 18. Nxb5 Qxe7 19. Qxe7 Rxe7 20. Bxa8 Rxe5
21. Rd8+ Bf8 22. Nxa7 Rxe2 23. Rc1 Rxb2 24. Be4 Ra2 25. Bd5 Kg7 26. Bxa2 Bxa3
27. Rc7 Kh6 28. Rxf7 Kg5 29. Rxh7 Bc5 30. Rxh3 1-0

[Event "Tournoi francophone 021"]
[Site "Skype"]
[Date "????.??.??"]
[Round "3.21"]
[White "Tolaro, Filippa"]
[Black "Rodriguez, Nathalie"]
[Result "1-0"]
[WhiteElo "1400"]
[BlackElo "1537"]
[PlyCount "31"]

1. d4 d5 2. Bf4 Nc6 3. Nf3 h6 4. e3 Nf6 5. h3 Bf5 6. c3 e6 7. Be2 Be7 8. Nbd2
a6 9. Ne5 Nxe5 10. Bxe5 Rc8 11. O-O c5 12. c4 cxd4 13. Bxd4 dxc4 14. Nxc4 Qd5
15. Nb6 Qc6 16. Nxc8 1-0

[Event "Tournoi francophone 021"]
[Site "Skype"]
[Date "????.??.??"]
[Round "3.22"]
[White "Le Bouill, Pierre"]
[Black "Viatge, Fabrice"]
[Result "1/2-1/2"]
[WhiteElo "1534"]
[BlackElo "1400"]
[PlyCount "45"]

1. Nf3 d6 2. h3 g6 3. d4 Bg7 4. Bf4 Nd7 5. c3 Ngf6 6. e3 O-O 7. Be2 c5 8. O-O
Qb6 9. Qc2 Re8 10. Na3 Qd8 11. Qd1 a6 12. Nc4 b5 13. Ncd2 Bb7 14. Rb1 Nh5 15.
Bh2 e5 16. Ne1 Nhf6 17. Bg3 Ne4 18. Nxe4 Bxe4 19. Rc1 Rc8 20. Bf3 Nf6 21. Bxe4
Nxe4 22. Bh2 Ng5 23. Nf3 1/2-1/2

[Event "Tournoi francophone 021"]
[Site "Skype"]
[Date "????.??.??"]
[Round "3.23"]
[White "Gadow, Martin"]
[Black "Ortis, Yves"]
[Result "1-0"]
[WhiteElo "1651"]
[BlackElo "1452"]
[PlyCount "51"]

1. d4 d5 2. Bf4 Nf6 3. e3 c5 4. c3 Nc6 5. Bd3 Nh5 6. Qxh5 g6 7. Qh4 Qb6 8. b3
Bd7 9. Nd2 c4 10. Bc2 Nd8 11. Ne2 Ne6 12. Bh6 O-O-O 13. Bxf8 Rdxf8 14. Qxe7 f6
15. O-O Ng5 16. bxc4 Rf7 17. Qa3 f5 18. Rab1 Qf6 19. cxd5 Nh3+ 20. Kh1 Qh4 21.
g3 Qh5 22. Qc5+ Kb8 23. Qd6+ Kc8 24. Bd1 Nf4 25. Nxf4 Qxh2+ 26. Kxh2 1-0

[Event "Tournoi francophone 021"]
[Site "Skype"]
[Date "????.??.??"]
[Round "3.24"]
[White "Montilla Bejarano, Mey"]
[Black "Moumtaz, Abderrahim"]
[Result "0-1"]
[WhiteElo "1450"]
[BlackElo "1598"]
[PlyCount "102"]

1. d4 Nf6 2. c4 c6 3. Nc3 d5 4. c5 Bf5 5. Nf3 h6 6. e3 e6 7. Ne5 Be7 8. Be2
Nbd7 9. O-O Nxe5 10. dxe5 Ne4 11. Nxe4 Bxe4 12. Qd4 O-O 13. f3 Bg6 14. b4 b6
15. Bd2 bxc5 16. bxc5 f6 17. Be1 fxe5 18. Qxe5 Bf7 19. Qg3 Bf6 20. Rd1 Rb8 21.
e4 Rb2 22. Rd2 Rxd2 23. Bxd2 Kh8 24. e5 Bh4 25. Qh3 Kg8 26. g3 Bg5 27. f4 Be7
28. Rc1 Qc7 29. g4 Qd7 30. g5 hxg5 31. fxg5 Bg6 32. Kh1 Rf2 33. Qe3 Be4+ 34.
Kg1 Rf5 35. h4 Rxe5 36. Qg3 Rf5 37. g6 Rf6 38. h5 Rf5 39. h6 gxh6 40. Bxh6 Bf6
41. Qb8+ Qd8 42. Qxa7 Qe7 43. Qa8+ Qd8 44. Qxc6 Bd4+ 45. Kh2 Rf2+ 46. Kg3 Rg2+
47. Kh3 Rxg6 48. Bg5 Qxg5 49. Qe8+ Kg7 50. Qd7+ Kh6 51. Bg4 Qxg4+ 0-1

[Event "Tournoi francophone 021"]
[Site "Skype"]
[Date "????.??.??"]
[Round "3.25"]
[White "Soubrier, Laure"]
[Black "Vervoort, Jean-Louis"]
[Result "0-1"]
[WhiteElo "1450"]
[BlackElo "1459"]
[PlyCount "100"]

1. e4 d5 2. c3 dxe4 3. Bc4 Nc6 4. Qe2 Nf6 5. Nh3 Na5 6. Na3 Nxc4 7. Nxc4 Qd5 8.
Ne3 Qc6 9. Qc4 Bd7 10. Ng5 Qxc4 11. Nxc4 h6 12. Nh3 O-O-O 13. Nf4 e5 14. Nxe5
Bc5 15. Nxf7 Rhf8 16. Nxd8 Kxd8 17. O-O Ng4 18. h3 Nxf2 19. Rxf2 Bxf2+ 20. Kxf2
Rxf4+ 21. Kg1 Rh4 22. b3 g5 23. Kh2 g4 24. Kg3 Rh5 25. Bb2 gxh3 26. gxh3 Rxh3+
27. Kf4 Rh4+ 28. Ke3 Bc6 29. d3 Rh3+ 30. Kd4 exd3 31. Rg1 d2 32. Rd1 Rh2 33.
Ke3 Rh3+ 34. Kxd2 Rh2+ 35. Kc1+ Ke7 36. c4 Bf3 37. Re1+ Kf7 38. a4 Rg2 39. Ba3
Kg6 40. Re6+ Kg5 41. Be7+ Kh5 42. Re5+ Kg4 43. Bc5 a6 44. Be3 h5 45. b4 Re2 46.
b5 h4 47. Kd1 h3 48. Rg5+ Kh4 49. Rg7 h2 50. Rh7+ Bh5 0-1

[Event "Tournoi francophone 021"]
[Site "Skype"]
[Date "????.??.??"]
[Round "3.26"]
[White "Leonelli, Michele"]
[Black "Farfallini, Michel"]
[Result "0-1"]
[WhiteElo "1400"]
[BlackElo "1642"]
[PlyCount "58"]

1. d4 d5 2. e3 c6 3. Nf3 Nf6 4. g3 e6 5. c3 Be7 6. Ne5 O-O 7. Bh3 Nbd7 8. Nf3
Qc7 9. O-O Bd6 10. g4 e5 11. dxe5 Nxe5 12. Nxe5 Bxe5 13. f4 Bd6 14. f5 Bxh2+
15. Kf2 Ne4+ 16. Kf3 Qg3+ 17. Ke2 Qxh3 18. Rf2 Nxf2 19. Kxf2 Qg3+ 20. Ke2 Re8
21. Qe1 Qxg4+ 22. Kf2 Bg3+ 23. Kg1 Bxe1+ 24. Kf1 Qg3 25. Ke2 Qf2+ 26. Kd3 Bxf5+
27. Kd4 b6 28. c4 Re4+ 29. Kd3 Rh4+ 0-1

[Event "Tournoi francophone 021"]
[Site "Skype"]
[Date "????.??.??"]
[Round "3.27"]
[White "Hampton, Irene"]
[Black "Sauvaget, Joel"]
[Result "1-0"]
[WhiteElo "1358"]
[BlackElo "1553"]
[PlyCount "73"]

1. d4 d5 2. Bf4 c6 3. Nc3 Nf6 4. Nf3 Bg4 5. e3 e6 6. Be2 Be7 7. O-O O-O 8. h3
Bxf3 9. Bxf3 Nbd7 10. a4 a6 11. b3 h6 12. Qd2 Nh7 13. Rfe1 Ng5 14. Bg4 f5 15.
Bh5 Nh7 16. Ne2 Ndf6 17. Bg6 Ne4 18. Qd3 Bg5 19. Ng3 Qf6 20. Bxh7+ Kxh7 21. c4
Rae8 22. Nh5 Qf7 23. Qe2 Bxf4 24. Nxf4 Qf6 25. Rac1 Ng5 26. Kf1 Re7 27. Qh5 Rg8
28. g4 g6 29. Qh4 Qf7 30. Ke2 fxg4 31. hxg4 Ne4 32. Rh1 Qg7 33. Rcg1 Rf8 34.
Rh2 Ref7 35. Rgg2 Rh8 36. Nxe6 Qf6 37. Qxh6+ 1-0

[Event "Tournoi francophone 021"]
[Site "Skype"]
[Date "????.??.??"]
[Round "3.28"]
[White "Cassano, Mariangela"]
[Black "Milanese, Serge"]
[Result "0-1"]
[WhiteElo "1306"]
[BlackElo "1521"]
[PlyCount "76"]

1. c4 e6 2. Nf3 Nc6 3. e4 Nf6 4. d3 Be7 5. Be2 d6 6. O-O O-O 7. Nc3 e5 8. b3
Be6 9. Qc2 Nd4 10. Nxd4 exd4 11. Nb5 c5 12. Na3 a6 13. Nb1 Qc7 14. Bf3 Bg4 15.
Qe2 Bxf3 16. Qxf3 Rac8 17. Bf4 Qb8 18. Nd2 b6 19. Qe2 g6 20. Nf3 Nd7 21. e5
dxe5 22. Nxe5 Nxe5 23. Bxe5 Bd6 24. Rfe1 Rce8 25. f4 f6 26. Bxf6 Rxe2 27. Rxe2
Rxf6 28. Rae1 Kg7 29. g3 h5 30. h3 b5 31. g4 h4 32. g5 Rxf4 33. Re4 Rf3 34.
Rxh4 Bh2+ 35. Kg2 Qg3+ 36. Kh1 Qxe1+ 37. Kg2 Qg3+ 38. Kh1 Qg1# 0-1

[Event "Tournoi francophone 021"]
[Site "Skype"]
[Date "????.??.??"]
[Round "3.29"]
[White "Valmalette, Alain"]
[Black "Gerbaux, Regis"]
[Result "0-1"]
[WhiteElo "1513"]
[BlackElo "1400"]
[PlyCount "100"]

1. d4 d5 2. e3 a6 3. b3 Nf6 4. c4 c6 5. c5 b6 6. b4 a5 7. Bd2 axb4 8. Bxb4 Na6
9. Ba3 e6 10. Nc3 bxc5 11. Qa4 Bb7 12. Bxa6 Rxa6 13. Qb3 Qc7 14. dxc5 Nd7 15.
Na4 Be7 16. Ne2 O-O 17. O-O Rfa8 18. Nb6 Nxb6 19. Qd3 Rxa3 20. Qc2 Nc4 21. h3
Bxc5 22. Ng3 g6 23. e4 Rxg3 24. a4 Qd6 25. Rae1 Ba6 26. Rc1 dxe4 27. Qxe4 Nd2
28. Rfd1 Nxe4 29. Rxd6 Bxd6 30. fxg3 Bc5+ 31. Kh2 Bd6 32. Rxc6 Bxg3+ 33. Kg1
Rd8 34. Rc1 Rd2 35. a5 Ra2 36. h4 Bxh4 37. Kh2 Rxa5 38. Rg1 Bg3+ 39. Kh3 e5 40.
Kg4 Ra4 41. Kf3 Bb7 42. Rh1 Ng5+ 43. Kxg3 Rf4 44. Rh4 Rxh4 45. Kxh4 h6 46. g4
e4 47. Kg3 e3 48. Kh2 e2 49. Kg1 e1=Q+ 50. Kh2 Qf2# 0-1

[Event "Tournoi francophone 021"]
[Site "Skype"]
[Date "????.??.??"]
[Round "3.30"]
[White "Esformes, Jacques"]
[Black "Trapletti, Cosetta"]
[Result "1/2-1/2"]
[WhiteElo "1475"]
[BlackElo "1400"]
[PlyCount "137"]

1. d4 d5 2. Bf4 Bf5 3. c4 e6 4. Nf3 Nf6 5. a3 Bd6 6. e3 Bxf4 7. exf4 Nbd7 8.
Bd3 c6 9. Bxf5 exf5 10. b3 O-O 11. O-O Ne4 12. Nbd2 Re8 13. Re1 b6 14. c5 Qc7
15. g3 h6 16. b4 bxc5 17. bxc5 Rab8 18. Rb1 Nc3 19. Qc2 Ne2+ 20. Kf1 Nxf4 21.
gxf4 Qxf4 22. Rxe8+ Rxe8 23. Kg2 Qg4+ 24. Kh1 Re6 25. Rg1 Qh3 26. Rg3 Qh5 27.
Qd1 Nf6 28. Qg1 Ng4 29. Rxg4 fxg4 30. Ne5 f5 31. Nf1 f4 32. Qxg4 g6 33. Qxh5
gxh5 34. h4 Rf6 35. Kg2 f3+ 36. Kg3 Kg7 37. Nxf3 Rf7 38. N1d2 a5 39. Nb3 a4 40.
Na5 Rc7 41. Ne5 Rb7 42. Naxc6 Rb3+ 43. Kg2 Rxa3 44. Nb4 Rb3 45. Na2 a3 46. c6
Rb2 47. c7 Rc2 48. Nd3 Kf6 49. Nf4 Rxc7 50. Nxd5+ Ke6 51. Nxc7+ Kd6 52. Nb5+
Kd5 53. Kf3 Kc4 54. Ke4 Kxb5 55. d5 Kc4 56. d6 Kb3 57. d7 Kxa2 58. d8=Q Kb2 59.
Qd2+ Kb3 60. Qd1+ Kb4 61. Qb1+ Ka4 62. Qc2+ Kb4 63. Qa2 Kc3 64. f4 Kb4 65. f5
Kc5 66. f6 Kd6 67. f7 Ke7 68. Ke5 Kf8 69. Kf6 1/2-1/2